00338nam a2200133Ia 4500008004100000020001500041041001200056082001100068100001500079245005800094260002300152300000800175650002100183221030s9999 xx 000 0 und d a9380501444 aEnglish a105.23 aJ. Ganssle 0aEmbedded Systems : World Class Designscby J. Ganssle bElsevier Pubc2010 a563 aCSE Career Award